'H' TV Shows by Picture Quiz Stats

 Plays Quiz Updated Oct 18, 2018

Challenge
Share
Tweet
Score 0/20 Timer 05:00
0 Plays Today
Location Show % Correct
House, M.D.
95.1%
Home Improvement
86.3%
Happy Days
85.4%
How I Met Your Mother
81.8%
Hell's Kitchen
78.7%
Hollywood Squares
72.2%
Heroes
71.2%
He-Man and the Masters of the Universe
65.7%
Hey Arnold!
62.4%
Hannah Montana
58.8%
Location Show % Correct
Hercules: The Legendary Journeys
58%
The Honeymooners
54.8%
Harry and the Hendersons
51.5%
Hot in Cleveland
51.3%
Hawaii 5-0
41.7%
Hoarders
40.7%
Hope and Faith
36.2%
Hart to Hart
31.4%
Hill Street Blues
30.4%
The Hughleys
9.7%

You're not logged in!

Compare scores with friends on all Sporcle quizzes.
OR
Log In

You Might Also Like...

Show Comments

Extras

Top Quizzes Today


Score Distribution

Your Account Isn't Verified!

In order to create a playlist on Sporcle, you need to verify the email address you used during registration. Go to your Sporcle Settings to finish the process.

Report this User

Report this user for behavior that violates our Community Guidelines.

Details: